Coming out every day /

Guardat en:
Dades bibliogràfiques
Autor principal: Johnson, Bret K.
Format: Llibre
Idioma:anglès
Publicat: Oakland : New Harbinger, 1997
Etiquetes: Afegir etiqueta
Sense etiquetes, Sigues el primer a etiquetar aquest registre!

MARC

LEADER 00000nam a22000007i 4500
001 IT\ICCU\UBO\3852291
003 ItRI
005 20260115231835.0
008 110419s1997 xxu|||||| ||||| |||||c
020 |a 1572240644 
040 |b ita  |c importazione bologna sebina 
041 7 |a eng  |2 ISO-639-2 
100 1 |a Johnson, Bret K.  |0 IT\ICCU\UBOV\390410 
245 1 0 |a Coming out every day /  |c Bret K. Johnson. 
260 |a Oakland :  |b New Harbinger,  |c 1997 
300 |a 249 p. ;  |c 23 cm. 
942 |2 ddc  |c BK  |n 0 
952 |0 0  |1 0  |4 0  |6 DOC_306_766000000000000_JON  |7 0  |9 13968  |a BO  |b BO  |d 2026-01-15  |i 14943  |l 0  |o DOC 306.766 JON  |p BO14943  |r 2026-01-15 23:18:35  |w 2026-01-15  |x [Sebina 5] [1 v.]  |y BK  |z 1 v. 
999 |c 12028  |d 12028